000 00525nam a2200181Ia 4500
008 240925s9999 xx 000 0 und d
020 _a9788175967946
082 _a332.042 BER
100 _aBerg, hendrick Van.Den
245 0 _aInternational Finance and Open-Economy Macroeconomics: theory, history and policy.
250 _aNA
260 _aNew Jersey:
_bWorld Scientfic
_c,2010.
300 _a433p.
_b0
_fOriginal
500 _aIncludes Index
600 _aSocial Sciences
650 _aSocial Sciences
942 _cBK
999 _c14750
_d14750